000 00561nam a2200229 i 4500
001 C2-0129385
003 PPAK
005 20180727121256.0
008 970929s1988 ctu |||| ||||| | eng d
020 _a717281922
040 _aPPAK
_beng
_cPPAK
_erda
082 0 4 _a428.6
_223
090 0 0 _a428.6
_bDAI
_dK
245 0 0 _aDaisy's new car
264 1 _aConnecticut :
_bGrolier ,
_c1988
300 _a[n.p.] ;
_c26 cm
336 _2rdacontent
_atext
337 _2rdamedia
_aunmediated
338 _2rdacarrier
_avolume
650 1 0 _aReaders
942 _ddc
_cB
999 _c39440
_d39440